| 000 | 00991nam a22002417a 4500 | ||
|---|---|---|---|
| 005 | 20251112123140.0 | ||
| 008 | 140502t mx ||||| |||| 00| 0 spa d | ||
| 020 | _a968242741X | ||
| 050 | 0 | 4 |
_aHD37.S66 _bD44 1989 |
| 100 | 1 | _aDe Greene, Kenyon B. | |
| 240 | 1 |
_aThe Adaptive organization, anticipation and management of crisis _lEspañol |
|
| 245 | 1 | 3 |
_aLa organización adaptable _b : anticipación y manejo de la crisis _c / Kenyon B. De Greene ; traducción Lorena Páez de Villalpando, Lourdes Valdés ; revisión técnica Alejandro Mendoza Núñez. |
| 250 | _a1a ed. | ||
| 260 |
_aMéxico : _bTrillas, _c1989 |
||
| 300 |
_a509 p. : _bil. , _c23 cm. |
||
| 504 | _aIncluye bibliografía (referencias) : p. 489-499 e índices | ||
| 650 | 7 |
_2lemb _aOrganización |
|
| 650 | 7 |
_2lemb _aAdministración |
|
| 700 | 1 |
_aPáez De Villalpando, Lorena _etraductora |
|
| 700 | 1 |
_aValdés, Lourdes _etraductora |
|
| 700 | 1 |
_aMendoza Núñez, Alejandro _erevisor técnico |
|
| 942 |
_2lcc _cLIB |
||
| 999 |
_c51271 _d51271 |
||